00962nam a2200241 a 450000100100000000500170001000800410002702000180006804000250008608200190011110000310013024500480016124600780020926000430028730000210033050000760035159000630042765000270049065000310051791000410054895201160058999900150070500000759320240530073911.0090909s2007 dr 000 f spa d a9789945860504 aDO-SdBNPbspacBNPHU aRD863.5bB483e1 aBeras, Vicented1967-968310aEnredos de amor disparejo /cVicente Beras.10aEnredos de amor disparejo:bnovela sobre los asuntos de la edad y el amor aSanto Domingo :bEsdras Molina,c2007. a118 p. ;c22 cm. aIncluye datos biográficos del autor en la solapa de la contracubierta aLa biblioteca posee un ejemplar autografiado por el autor. 0aNovela dominicana9223 0aLiteratura dominicana.967 aValidado. Control de calidad MMOLINA 0010718PDaPDbPDcHDd2009-09-09iLF1l0oRD863.5 B483ep7593-10r2020-06-25w2020-06-25yLFPDZNo se presta c7373d7373